| 000 | 00663nam a2200205 a 4500 | ||
|---|---|---|---|
| 005 | 20140412111357.0 | ||
| 008 | 051104s19uu xx 00 eng d | ||
| 020 | _a0-02-661382-4 | ||
| 050 |
_aTR(GS 372.4 _bA1 L.1-B.2 (RWW) B.M. |
||
| 100 | _aAdams, Marilyn Jager | ||
| 245 |
_aReading and writing workbook, L.1-B.2 : _bblackline masters / _cMarilyn Jager Adams, et al. |
||
| 260 |
_aColumbus, Ohio : _bSRA/McGraw-Hill Comp, _c20002. |
||
| 300 | _a119 p. | ||
| 440 | _aSRA open court reading, Orange | ||
| 650 |
_aReading _xStudy and teaching |
||
| 650 |
_aEnglish language _xStudy and teaching |
||
| 999 |
_c105421 _d105421 |
||